College Quizbowl Stats
College Quizbowl Stats
Circuits
Seasons
Sets
Records
Detailed Stats
About
Loading...
2024 ACF Winter at Brandeis
Tossups
Bonuses
Players
Teams
Categories (Tossup)
Categories (Bonus)
Michael
Amherst A
Categories
Category
Powers
Gets
Negs
BBs
Points
Earliest Buzz
Avg. Buzz
First Buzzes
Top 3 Buzzes
BPA
PVF
Fine Arts - Other
0
1
0
1
10
151
151.00
0
0
0.00
0.00
History - World
0
1
0
0
10
86
86.00
0
1
0.00
0.00
Literature - British
0
0
1
0
-5
0.00
0
0
0.00
0.00
Social Science
0
0
1
0
-5
0.00
0
0
0.00
0.00
Buzzes
Category
Answer
Value
Buzz Position
Literature - British
spirits
-5
62
History - World
Boers
10
86
Social Science
Alfred Adler
-5
103
Social Science
pragmatics
0
105
Fine Arts - Other
Herbie Hancock
0
134
Fine Arts - Other
Sugar Plum Fairy
10
151
Previous
1
Next